Normal view
MARC view
- Nasr, Raja T
Entry Personal Name
001 - CONTROL NUMBER
- control field: 5848
003 - CONTROL NUMBER IDENTIFIER
- control field: JO-AjAnu
005 - DATE AND TIME OF LATEST TRANSACTION
- control field: 20230606071241.0
008 - FIXED-LENGTH DATA ELEMENTS
- fixed length control field: 230606|| aca||aabn | a|a d
040 ## - CATALOGING SOURCE
- Original cataloging agency: JO-AjAnu
- Transcribing agency: JO-AjAnu
100 ## - HEADING--PERSONAL NAME
- Personal name: Nasr, Raja T
670 ## - SOURCE DATA FOUND
- Source citation: Work cat.: (JO-AjAnu)3030: Nasr, Raja T, author, Applied English Grammar For Arab Students, Book 2